Plant layout planning and practice

Guardat en:
Dades bibliogràfiques
Autors principals: Mallick, Randolph W. (autor), Gaudreau, Armand T (Autor)
Format: Llibre
Idioma:anglès
Publicat: Nueva York John Wiley 1951
Matèries:
Etiquetes: Afegir etiqueta
Sense etiquetes, Sigues el primer a etiquetar aquest registre!

MARC

LEADER 00000nam a2200000 a 4500
001 UCU7093
003 CL-VaPUC
008 960628e19510000US |||||||||||||||||eng|d
082 0 4 |a 658.23  |b MAL  |2 21 
100 |a Mallick, Randolph W.  |e autor  |9 365624 
700 0 |a Gaudreau, Armand T  |e author  |9 365625 
245 1 0 |a Plant layout planning and practice 
300 |a 391 p 
942 |c BK 
945 |d 19960628 00:00:00  |a cmena 
260 |a Nueva York  |b John Wiley  |c 1951 
650 0 |a Administración de empresas   |9 260833 
650 0 |a Equipo industrial   |9 263607 
650 0 |a Plantas industriales  |9 364524 
650 7 |a GESTION DE BIENES DE EQUIPO  |2 CL-VaPUC  |9 365626 
650 7 |a EDIFICIOS INDUSTRIALES  |2 CL-VaPUC  |9 268172 
583 |a last modification  |c 19960628 00:00:00  |k Rodrigo Vera 
999 |c 249797  |d 249795